The 1975 - Part Of The Band - Statistics

General Stats
  • This quiz has been taken 34 times
  • The average score is 232 of 283
Answer Stats
Answer % Correct
a
100%
A
100%
Air
100%
band
100%
Force
100%
he
100%
I
100%
"I
100%
In
100%
in
100%
into
100%
of
100%
part
100%
She
100%
she
100%
the
100%
The
100%
to
100%
us
100%
used
100%
was
100%
always
95%
bust
95%
hand
95%
her
95%
imagination
95%
imagination?
95%
me
95%
my
95%
So
95%
so
95%
best
90%
life
90%
like
90%
(Like
90%
living
90%
men
90%
and
85%
And
85%
coffee
85%
Full
85%
Just
85%
just
85%
off
85%
on
85%
some
85%
soy
85%
talk
85%
That
85%
that
85%
about
80%
anybody"
80%
baby"
80%
baristas"
80%
care
80%
chic
80%
fell
80%
fringes
80%
gotta
80%
it
80%
kids"
80%
kind
80%
love
80%
milk
80%
offend
80%
parents
80%
people
80%
said
80%
take
80%
their
80%
tote
80%
with
80%
won't
80%
Am
75%
am
75%
bag
75%
bloke
75%
boy
75%
(But
75%
ejaculations
75%
Enough
75%
get
75%
internet
75%
joke?
75%
kinda
75%
lame
75%
now
75%
Paul
75%
sweet
75%
Xanax
75%
"You
75%
you
75%
before
70%
butt
70%
Calling
70%
cancellations
70%
coke
70%
coming
70%
communista
70%
Cumming
70%
east
70%
ego
70%
feeling
70%
hinges
70%
his
70%
inside
70%
ironically
70%
It's
70%
I've
70%
lookalikes
70%
nation
70%
Newport
70%
Oh
70%
oh
70%
Or
70%
paying
70%
penance
70%
post
70%
propellants
70%
scruff
70%
Sitting
70%
skinny
70%
verbal
70%
Verlaine
70%
Way
70%
"Well
70%
worst
70%
Writing
70%
average
65%
begets
65%
binges
65%
can't
65%
daily
65%
diamond
65%
heroin
65%
language
65%
motorbikes
65%
pages
65%
right
65%
Rimbaud
65%
rough
65%
someone
65%
staining
65%
tell
65%
unlady
65%
"Vaccinista
65%
what's
65%
babe
60%
cringes
60%
don't
60%
Eating
60%
hours
60%
intended
60%
iteration
60%
keisters
60%
many
60%
minutes
60%
sixteen
60%
stuff
60%
that's
60%
Whilst
60%
woke?
60%
At
55%
days
55%
four
55%
home
55%
hundred
55%
idea)
55%
nine
55%
not
55%
somewhere
55%
thousand
55%
(yeah)
55%
yeah
55%
know
50%
picked
50%
up
50%
cigarettes)
35%
advertising
25%
No matching quizzes found
Score Distribution
Percent of People with Each Score
Percentile by Number Answered
Your Score History
You have not taken this quiz